Numéros des pilotes de Formule 1 en 2023 - Click Quiz - Statistiques

Statistiques générales
  • Ce quiz a été pris 2 208 fois
  • Le résultat moyen est 14 sur 21
Statistiques - réponses
Hint Réponse % Correct
Max Verstappen 1
93%
Lewis Hamilton 44
90%
Charles Leclerc 16
89%
Pierre Gasly 10
86%
Lando Norris 4
83%
Carlos Sainz 55
82%
George Russell 63
79%
Daniel Ricciardo 3
77%
Valtteri Bottas 77
76%
Sergio Perez 11
74%
Oscar Piastri 81
73%
Fernando Alonso 14
71%
Esteban Ocon 31
69%
Lance Stroll 18
59%
Yuki Tsunoda 22
55%
Logan Sargeant 2
54%
Alexander Albon 23
52%
Nico Hülkenberg 27
51%
Kevin Magnussen 20
43%
Guanyou Zhou 24
39%
Nyck de Vries 21
35%
Aucun quiz correspondant
Distribution des résultats
% des personnes avec chaque résultat
Percentile par nombre de réponses
Votre historique - résultats
Vous n’avez pas pris ce quiz